NBA Top 10 Players Finals Series All-Time - Statistics

General Stats
  • This quiz has been taken 459 times
  • The average score is 10 of 13
Answer Stats
Player Playoffs % Correct
LeBron James 2016
99%
Michael Jordan 1993
99%
Magic Johnson 1987
91%
Shaquille O'Neal 2000, 2001, 2002
91%
Larry Bird 1984
88%
Tim Duncan 2003
87%
Kevin Durant 2017
81%
Dirk Nowitzki 2011
79%
Dwyane Wade 2006
78%
Bill Russell 1962
76%
Giannis Antetokounmpo 2021
70%
Jerry West 1968
69%
Elgin Baylor 1962
34%
No matching quizzes found
Score Distribution
Percent of People with Each Score
Percentile by Number Answered
Your Score History
You have not taken this quiz